| 000 | 01305nam a22003737a 4500 | ||
|---|---|---|---|
| 003 | CHAP | ||
| 005 | 20220329141332.0 | ||
| 008 | 971013s1989 r 00010 d | ||
| 010 | _a66577 | ||
| 011 | _a67549 | ||
| 035 | _a77019 | ||
| 040 | _cCHAP | ||
| 090 | _aTesis | ||
| 100 | 0 | 0 |
_aValle Paniagua, David Hebert del. _9117607 |
| 245 | _aSistema de graficación para análisis de redes | ||
| 260 |
_aChapingo, Méx. : _bEl autor, _c1989 |
||
| 300 | _a45 h. | ||
| 500 | _a28-192 | ||
| 502 | _aTesis (Maesro en Ciencias Esp. en Cómputo aplicado) -- CP. Centro de Estadística y Cálculo | ||
| 590 |
_aALEPH _b10 _c20130110 _lUCH01 _h1401 |
||
| 590 |
_aBATCH-UPD _b10 _c20130109 _lUCH01 _h2310 |
||
| 590 |
_aBATCH-UPD _b10 _c20130110 _lUCH01 _h1844 |
||
| 590 |
_aBATCH-UPD _b10 _c20130409 _lUCH01 _h1828 |
||
| 590 |
_aBATCH-UPD _b10 _c20130410 _lUCH01 _h1214 |
||
| 590 |
_aBATCH-UPD _b10 _c20130914 _lUCH01 _h0344 |
||
| 590 |
_aCONVERSION _b10 _c20130109 _lUCH01 _h1337 |
||
| 650 | 1 | 4 |
_aAnálisis de redes. _95973 |
| 650 | 1 | 4 |
_aMétodos gráficos. _976633 |
| 710 | 0 |
_aColegio de Postgraduados. Chapingo, Méx. Centro de Estadística y Cálculo. _925078 |
|
| 901 | _aBK | ||
| 942 | _cFOLL | ||
| 949 |
_bBC _cTES _d-29881 _eTS1 _h21318 _i77019 _si |
||
| 949 |
_bBC _cTES _d33724000696258 _eTS2 _fc.2 _h21319 _i77019 _si |
||
| 999 |
_c66577 _d66577 |
||